000 02002nam a22003377a 4500
005 20240814173935.0
008 s2527 th tha d
040 _aNALT
041 _atha
245 1 0 _aความรู้ชุดกฎหมายชาวบ้าน (เล่มที่ 5)
260 3 _aกรุงเทพฯ :
_bกองวิชาการ กรมประชาสัมพันธ์,
_c2527
300 _a185 หน้า ;
_b 18 ซม.
650 0 4 _aศ่าลภาษีอากร -- คำถามและคำตอบ
650 0 4 _aกฎหมายแพ่งและพาณิชย์ -- การขายฝาก
650 0 4 _aสิทธิลูกจ้าง -- คำถามและคำตอบ
650 0 4 _aกฎหมายแรงงาน
650 0 4 _aกฎหมายแพ่งและพาณิชย์ -- จำนอง -- คำถามและคำตอบ
650 0 4 _aการรื้อฟื้นคดีอาญา -- คำถามและคำตอบ
650 0 4 _aกฎหมายครอบครัว -- คำถามและคำตอบ
650 0 4 _aควมผิดฐานรับของโจร -- คำถามและคำตอบ
650 0 4 _aคนต่างด้าว -- อาชีพ -- คำถามและคำตอบ
650 0 4 _aกฎหมาย -- คำถามและคำตอบ
650 0 4 _aผู้จัดการมรดก -- คำถามและคำตอบ
650 0 4 _aอุบัติเหตุทางรถยนต์ -- คำถามและคำตอบ
650 0 4 _aปืน -- ่คำถามและคำตอบ
850 _aNALT
856 4 0 _uhttps://dl.parliament.go.th/handle/lirt/461390
942 _cLB
_2lcc
998 _j25
_k นีลวัสน์ อินทรักษา
999 _c15958
_d15958
090 _aKC33 ป238ค 2527 ล.5